| 000 | 00849nam a2200229 a 4500 | ||
|---|---|---|---|
| 001 | 55362 | ||
| 003 | BD-RjUL | ||
| 005 | 20211209080244.0 | ||
| 008 | 161116s1996 bg ||||| |||| 00| 0 ben d | ||
| 035 | _a(BD-RjUL)55484 | ||
| 040 |
_aBD-RjUL _bben _cBD-RjUL _dBD-RjUL |
||
| 041 | _aben | ||
| 082 |
_223 _a370.15 _bHUS 1996 |
||
| 100 | 1 |
_aহুদা, এম. _9123014 |
|
| 245 | 1 | 0 |
_aশিক্ষা মনোবিজ্ঞান = Educational Psychology / _cএম. হুদা |
| 250 | _a৪র্থ পরিঃ সং. | ||
| 260 |
_aঢাকা : _bমল্লিক ব্রাদার্স, _c১৯৯৬ |
||
| 300 |
_a৪৫৫ পৃ. : _bচিত্র ; _c২১ সেমি |
||
| 650 |
_aশিক্ষা মনোবিজ্ঞান _9118077 |
||
| 650 |
_aEducational Psychology _9118078 |
||
| 942 |
_2ddc _cBK |
||
| 999 |
_c55362 _d55362 |
||